LEADER 01365nam 2200385 450 001 9910309948103321 005 20230814220530.0 010 $a1-5386-7302-9 035 $a(CKB)4970000000008925 035 $a(WaSeSS)IndRDA00121279 035 $a(EXLCZ)994970000000008925 100 $a20200326d2018 uy 0 101 0 $aeng 135 $aur||||||||||| 181 $ctxt$2rdacontent 182 $cc$2rdamedia 183 $acr$2rdacarrier 200 10$a2018 12th International Symposium on Antennas, Propagation and EM Theory $e3-6 December 2018, Hangzhou, China /$fIEEE Antennas and Propagation Society 210 1$aPiscataway, New Jersey :$cInstitute of Electrical and Electronics Engineers,$d2018. 215 $a1 online resource (368 pages) 311 $a1-5386-7303-7 606 $aElectromagnetic waves$xScattering$vCongresses 606 $aElectromagnetic theory$vCongresses 606 $aAntennas (Electronics)$vCongresses 615 0$aElectromagnetic waves$xScattering 615 0$aElectromagnetic theory 615 0$aAntennas (Electronics) 676 $a535.4 712 02$aIEEE Antennas and Propagation Society, 801 0$bWaSeSS 801 1$bWaSeSS 906 $aPROCEEDING 912 $a9910309948103321 996 $a2018 12th International Symposium on Antennas, Propagation and EM Theory$92541721 997 $aUNINA LEADER 02626nam0 2200505 i 450 001 LO10378401 005 20251003044209.0 010 $a8820493403 020 $aIT$b96-6475 100 $a20081215d1995 ||||0itac50 ba 101 | $aita 102 $ait 181 1$6z01$ai $bxxxe 182 1$6z01$an 200 1 $aAcquedotto pugliese$eintervento pubblico e modernizzazione nel Mezzogiorno$fLuigi Masella 210 $aMilano$cF. Angeli$d©1995 215 $a396 p.$cill.$d22 cm 225 | $aCollana CIRIEC di storie d'impresa pubblica e di pubblico interesse$v11 300 $aSeguono appendici. 410 0$1001IEI0031712$12001 $aCollana CIRIEC di storie d'impresa pubblica e di pubblico interesse$v11$171202$aCIRIEC$3CFIV010334 606 $aAcquedotti$xPuglia$2FIR$3CFIC082955$9I 676 $a338.94575$9SVILUPPO E CRESCITA ECONOMICA. Puglia$v23 676 $a363.6$9SERVIZI PUBBLICI.$v12 676 $a363.61094575$9SERVIZI PUBBLICI E ATTIVITA CONNESSE. APPROVIGIONAMENTO IDRICO. Puglia.$v21 676 $a363.61094575$9SERVIZI PUBBLICI E ATTIVITA CONNESSE. Approvvigionamento idrico. Puglia$v22 686 $aIT/X430.0$cECONOMIA E SOCIETA ITALIA$2R 686 $aIT/X430.1$cQUESTIONE MERIDIONALE ITALIA$2R 686 $aIT/X430.8$cENTI E ISTITUTI ITALIA$2R 686 $aIT/X433.0$cAMBIENTE TERRITORIO RISORSE ITALIA$2R 686 $aIT/X433.3$cACQUE PROBLEMI IDROGEOLOGICI ITALIA$2R 686 $aIT/X433.6$cLAVORI PUBBLICI ITALIA$2R 686 $aPUG/X5.3$cECONOMIA E SOCIETA PUGLIA$2R 686 $aSe.i.15.5$cStoria dell'economia italiana. La questione meridionale. Lo stato e gli enti pubblici$2F 686 $aSe.i.15.5.1$cStoria dell'economia italiana. La questione meridionale. Infrastrutture e mezzogiorno$2F 686 $aSe.i.15.5.2$cStoria dell'economia italiana. La questione meridionale. La Cassa del Mezzogiorno$2F 700 1$aMasella$b, Luigi$f <1948- >$3CFIV068447$4070$032066 801 3$aIT$bIT-000000$c20081215 850 $aIT-BN0095 $aIT-SA0335 901 $bNAP PV$cBIB PV $n$ 901 $bNAP 01$cPOZZO LIB.$nVi sono collocati fondi di economia, periodici di ingegneria e scienze, periodici di economia e statistica e altri fondi comprendenti documenti di economia pervenuti in dono. 912 $aLO10378401 950 0$aBiblioteca Centralizzata di Ateneo$c1 v.$d 01POZZO LIB.F. PARRAVICINI 691$e 0101 0600174795E VMA 1 v. (Precedente collocazione P. 1622)$fB $h20050930$i20231204 977 $a 01$a PV 996 $aAcquedotto pugliese$9248725 997 $aUNISANNIO LEADER 06320oam 2200625 c 450 001 9910734398003321 005 20260302090207.0 010 $a3-8379-7420-0 024 3 $a9783837974201 035 $a(CKB)4100000007812069 035 $a(MiAaPQ)EBC5811281 035 $a(Psychosozial-Verlag)9783837974201 035 $a(EXLCZ)994100000007812069 100 $a20260302d2018 uy 0 101 0 $ager 135 $aurcnu|||||||| 181 $ctxt$2rdacontent 182 $cc$2rdamedia 183 $acr$2rdacarrier 200 14$aDie BDSM-Szene $eEine ethnografische Feldstudie /$fAnne Deremetz, Ulrike Busch, Harald Stumpe, Heinz-Jürgen Voß, Konrad Weller 205 $a1st ed. 210 $aGießen$cPsychosozial-Verlag$d2018 215 $a1 online resource (236 pages) $cillustrations 225 0 $aAngewandte Sexualwissenschaft 300 $a[1. Aufl. 2018] 311 08$a3-8379-2812-8 320 $aIncludes bibliographical references (pages 223-229). 327 $aEinleitung Sozialtheoretische und methodologische Ausrichtung Ethnografische Feldforschung Ethnologische Kulturanalyse Die Chicagoer Schule und das interaktionistische Prinzip Alltagssoziologie und Lebenswelt Gesellschaft als interaktionistisches Konstrukt Die Konstruktion gesellschaftlicher Ordnung Die diskursive Konstruktion sozialer Wirklichkeit Diskurs und hegemoniale Ordnung Diskursivierungen als Form sozialer Kontrolle Die Normalisierung sozialer Praktiken Forschungsüberblick und -stand Diskursivierungen von BDSM Aktueller Stand der Forschung ? Die Normalisierung von BDSM Exkurs: BDSM ? Subkultur oder Szene? BDSM als Subkultur BDSM und der Szenebegriff Die BDSM-Szene als Forschungsgegenstand Methodische Vorgehensweise Teilnehmende Beobachtung durch berufliche Eingliederung Die Situationsanalyse ? Die situative Rahmung als Analyseeinheit Das problemzentrierte Experteninterview Frageleitfaden und Interviewfragen Auszüge aus den Beobachtungsprotokollen Aufgetretene Probleme Fehlerquellen in typischen Fragesituationen Datenauswertung und Interpretation Das Forschungsfeld ? Die BDSM-Szene BDSM ? Allgemeine Begriffe Elemente von BDSM ? Eine Unterscheidung Situationen von BDSM ? Das Event Der Eventraum ? Topologische und normative Rahmung Topologische Rahmung Normative Rahmung Regeln zum Verhalten außerhalb der Räume Regeln zum Verhalten innerhalb der Räume Der Umgang mit anderen Spielenden Die Eventsituation ? Strukturelle Rahmung Gängiger Ablauf eines Events Play-Party Paare-Dinner CFNM-Event** Spank-Party** LARP-Event** Die Interviewsituation ? Organisatorische Rahmung Play-Party Entdeckung der Vorlieben, erste Erfahrungen Die Eventregeln Probleme mit den Eventregeln No-Go-Praktiken Konfliktlinien Zeitliche Veränderungen Kurzes Resümee Paare-Dinner Die Eventregeln Probleme mit den Eventregeln Konfliktlinien Kurzes Resümee CFNM-Event** Entdeckung der Vorlieben, erste Erfahrungen Die Eventregeln Probleme mit den Eventregeln No-Go-Praktiken Konfliktlinien Zeitliche Veränderungen Kurzes Resümee Spank-Party** Entdeckung der Vorlieben, erste Erfahrungen Die Eventregeln Probleme mit den Eventregeln No-Go-Praktiken Konfliktlinien Zeitliche Veränderungen Kurzes Resümee LARP-Event** Entdeckung der Vorlieben, erste Erfahrungen Die Eventregeln Probleme mit den Eventregeln No-Go-Praktiken Konfliktlinien Zeitliche Veränderungen Kurzes Resümee Zusammenfassung der Ergebnisse Die Gentrifizierungsthese Fazit und Ausblick Neue Schubladen und geordnete Räume Alternative Vergemeinschaftungsformen ? Die Eventisierung Stiller werdende Öffentlichkeit und der Rückzug ins Private Interdiskursive Normalitätsräume Literatur Glossar 330 $a»Pervers ist es dann, wenn man keinen mehr findet, der mitmacht.« Oder etwa nicht? Während BDSM-Praktiken für die einen eher befremdlich sind, stellen sie für andere zentrale Bestandteile ihrer persönlichen Sexualität dar. Aber was genau ist BDSM und wie gehört es zur sexuellen Normalität? Anne Deremetz begibt sich direkt in die BDSM-Szene und fragt praktizierende Expert*innen, was BDSM ist, wie es diskursiv hervorgebracht wird und bei welchen Praktiken die BDSM-Szene selbst ihre Grenzen zieht. Theoretisch verfolgt die Autorin einen sozialkonstruktivistischen und diskurstheoretischen Ansatz, mit dem sich BDSM als interaktionistischer Aushandlungsprozess begreifen lässt. Ausführlich geht Deremetz auf methodologische und forschungsmethodische Aspekte ein, die für forschungsinteressierte Leser*innen und für all diejenigen interessant sind, die eine praktische Anleitung zur Durchführung von Feldstudien suchen. Description: »It's perverse when you can't find anyone else to join in.« Isn't it? While BDSM practices are rather strange for some, for others they are central components of their personal sexuality. But what exactly is BDSM and how does it belong to sexual normality? Anne Deremetz goes directly into the BDSM scene and asks practicing experts* what BDSM is, how it is discursively produced and in which practices the BDSM scene itself sets its limits. The author pursues a social constructivist and discourse theoretical approach with which BDSM can be understood as an interactionist negotiation process. Deremetz discusses in detail methodological aspects that are of interest not only to readers into questions of scientific research, but to all those who are looking for practical guidance in conducting field studies. 410 0$aAngewandte Sexualwissenschaft ;$vBand 13. 606 $aSexualität 606 $aErotik 606 $aSM 606 $aBDSM 606 $aPerversion 606 $aSexualforschung 615 4$aSexualität 615 4$aErotik 615 4$aSM 615 4$aBDSM 615 4$aPerversion 615 4$aSexualforschung 676 $a306.775 700 $aDeremetz$b Anne$4aut$01372016 702 $aBusch$b Ulrike$4edt 702 $aStumpe$b Harald$4edt 702 $aVoß$b Heinz-Jürgen$4edt 702 $aWeller$b Konrad$4edt 801 0$bMiAaPQ 801 1$bMiAaPQ 801 2$bMiAaPQ 906 $aBOOK 912 $a9910734398003321 996 $aDie BDSM-Szene$93401828 997 $aUNINA